<An> Overview of forfaiting - an alternative method of financing the foreign trade

Základné informácie o forfaitingu, jednej z alernatívnych metód financovania zahraničného obchodu a a odhalenie jeho vývojových trendov. Forfaiting - finančný nástroj bol vyvinutý pre potreby exportérov. Uskutočňovanie forfaitingu na základe zmluvy medzi vývozcom a forfaitérom. Výhody a nevýhody for...

Ausführliche Beschreibung

Gespeichert in:
Bibliographische Detailangaben
1. Verfasser: Javorska, Lenka
Format: Buchkapitel
Sprache:Englisch
Schlagworte:
Tags: Tag hinzufügen
Keine Tags, Fügen Sie das erste Tag hinzu!

MARC

LEADER 00000naa$a2200000$$$4500
001 0030666
005 20231107071152.6
041 0 |a eng 
044 |a CZ 
245 1 0 |a <An> Overview of forfaiting - an alternative method of financing the foreign trade  |c Lenka Javorska 
520 |a Základné informácie o forfaitingu, jednej z alernatívnych metód financovania zahraničného obchodu a a odhalenie jeho vývojových trendov. Forfaiting - finančný nástroj bol vyvinutý pre potreby exportérov. Uskutočňovanie forfaitingu na základe zmluvy medzi vývozcom a forfaitérom. Výhody a nevýhody forfaitingu. Forfaiting v ČR. Medzinárodná forfaitingová asociácia (IFA). 
610 2 0 |a forfaiting 
610 2 0 |a obchod zahraničný 
610 2 0 |a nástroje finančné 
610 2 0 |a vývoz 
610 2 0 |a zdroje finančné 
610 2 0 |a financovanie obchodu zahraničného 
100 1 |a Javorska, Lenka